ORGANISE FOR SUCCESS ELIMINATE CLUTTER A (Record no. 34093)

MARC details
000 -LEADER
fixed length control field 00282nam a2200121Ia 4500
008 - FIXED-LENGTH DATA ELEMENTS--GENERAL INFORMATION
fixed length control field 240625s9999 xx 000 0 und d
041 ## - LANGUAGE CODE
Language code of text/sound track or separate title eng
082 ## - DEWEY DECIMAL CLASSIFICATION NUMBER
Classification number 658.406 MID
100 ## - MAIN ENTRY--PERSONAL NAME
Personal name MIDISOFT
245 ## - TITLE STATEMENT
Title ORGANISE FOR SUCCESS ELIMINATE CLUTTER A
260 ## - PUBLICATION, DISTRIBUTION, ETC.
Date of publication, distribution, etc. 2007
365 ## - TRADE PRICE
Currency code RS
Price amount 10
Holdings
Withdrawn status Lost status Damaged status Not for loan Home library Current library Shelving location Date acquired Cost, normal purchase price Full call number Barcode Date last seen Copy number Price effective from Koha item type
        IMTN IMTN Rack 31-A 07/28/2008 299.00 658.406 MID CD1112 06/25/2024 1 06/25/2024 CD
Designed & Maintained by: LRC IMT Nagpur Contact: lrc@imtnag.ac.in© 2024. All Rights Reserved.